00627 2200229 4500001002100000005001700021008004100038020001800079035002400097082001100121084001600132245005300148250001100201260003500212300003500247440001500282500003100297650001700328700002400345850001200369990001600381YOGYA-0209000004063420161221194208.0 ind  a979-489-986-0 0010-020900000040634 a689.45 a689.45bRum aRUMPUT laut /cJana T. Anggadiredja ... [et al.] aCet. 2 aJakartabPenebar Swadayac2006 aiv, 144 hlm. :bilus. ;c23 cm aAgribisnis aBibliografi : hlm. 134-142 aTamanan laut aAnggadireja, Yana T aYOPDYOG a823-PK/B.07